Land vs. Land #128 - Statistiken

Allgemein
  • Dieses Quiz wurde 12 mal gespielt
  • Das Durchschnittsergebnis liegt bei 12 aus 14
Antwortstatistiken
Frage Antwort % Korrekt
...Fläche? Litauen🇱🇹
100%
...Bruttoinlandsprodukt? Litauen🇱🇹
100%
...HDI (Human Development Index)? Litauen🇱🇹
100%
...Exportmengen? Litauen🇱🇹
100%
...Gewinner? Litauen🇱🇹
100%
...Einwohner? Litauen🇱🇹
91%
...Bruttoinlandsprodukt pro Kopf? Litauen🇱🇹
91%
...Militär? Litauen🇱🇹
91%
...durchschnittlicher IQ? Litauen🇱🇹
91%
...Gesundheitswesen? Litauen🇱🇹
82%
...Lebenserwartung? Litauen🇱🇹
82%
...Tourismus? Litauen🇱🇹
64%
...Happy Planet Index? Litauen🇱🇹
36%
...Frieden? Litauen🇱🇹
27%
Keine übereinstimmenden Quizze gefunden
Verteilung der Resultate
Anzahl Personen mit jedem Resultat
Perzentil nach korrekt beantworteten Fragen
Ihre Resultats-Entwicklung
Sie haben dieses Quiz noch nicht gespielt